000 00705nam a2200253Ia 4500
003 OSt
005 20221007075657.0
006 a|||||r|||| 00| 0
007 ta
008 221006b |||||||| |||| 00| 0 eng d
020 _a8187229039
024 _a6,997
037 _cTextual
040 _aFLL
_cFLL
_beng
041 _2eng
_aeng
082 _aX:95:Z2e, N9
100 _aBhatnagar A.S. Au.
_9694117
245 0 _aGuide to departmental promotions, enquiries, punishments & appeals
250 _a6th
260 _aNew Delhi
_bOrient Law House India
_c1999
300 _accxxiv,1156p
_ccm.
942 _hX:95:Z2e, N9
_cTEXL
_2CC
999 _c1156981
_d1156981